Tour de France 2024 – Nationalitäten der führenden Fahrer - Statistiken

Allgemein
  • Dieses Quiz wurde 96 mal gespielt
  • Das Durchschnittsergebnis liegt bei 11 aus 15
Antwortstatistiken
Zeit Fahrer Land % Korrekt
83:45:13 Jonas Vingegaard Dänemark
99%
83:38:56 Tadej Pogačar Slowenien
92%
83:57:59 João Almeida Portugal
90%
83:48:14 Remco Evenepoel Belgien
89%
84:04:00 Carlos Rodríguez Spanien
86%
84:03:03 Adam Yates England
81%
208 Bryan Coquard Frankreich
77%
83:59:02 Mikel Landa Spanien
70%
354 Jasper Philipsen Belgien
68%
84:05:30 Matteo Jorgenson Vereinigte Staaten
68%
387 Biniam Girmay Eritrea
67%
127 Richard Carapaz Ecuador
61%
180 Anthony Turgis Frankreich
61%
84:07:59 Santiago Buitrago Kolumbien
57%
84:06:17 Derek Gee Kanada
55%
Keine übereinstimmenden Quizze gefunden
Verteilung der Resultate
Anzahl Personen mit jedem Resultat
Perzentil nach korrekt beantworteten Fragen
Ihre Resultats-Entwicklung
Sie haben dieses Quiz noch nicht gespielt